[Event "IECG TG.2003.0.14850"]
[Site "IECG email"]
[Date "2003.04.10"]
[Round "2"]
[White "Apsner, Jurij"]
[Black "Papanhausen, Gerald"]
[Result "1-0"]
[WhiteElo "800"]
[BlackElo "800"]
[PlyCount "35"]
[EventDate "2003.04.10"]
[EventType "match (corr)"]
[EventRounds "2"]
[SourceTitle "Corr 2008"]
[Source "ChessBase"]
[SourceDate "2008.06.24"]
[SourceVersion "1"]
[SourceVersionDate "2008.06.24"]
[SourceQuality "1"]

1. e4 e5 2. Nf3 Nf6 3. d4 exd4 4. e5 Bb4+ 5. c3 dxc3 6. bxc3 Bc5 7. exf6 Qxf6 8. Qe2+ Qe6 9. Qxe6+ dxe6 10. Bf4 Bd6 11. Bxd6 cxd6 12. Na3 Bd7 13. Nb5 Bxb5 14. Bxb5+ Nc6 15. Kd2 0-0 16. Rab1 e5 17. Rhd1 e4 18. Bxc6 1-0